Genshin Impact - À propos de qui ? - Statistiques

Statistiques générales
  • Ce quiz a été pris 197 fois
    91 depuis la dernière actualisation
  • Le résultat moyen est 16 sur 20
Statistiques - réponses
Dit par... Texte Personnage concerné % Correct
Diona Le génie de l'alchimie ? Hum... Je me demande s'il arriverait à m'aider à enfin créer une boisson que personne n'aime ? Albedo
100%
Klee Avec […], nous avons un petit secret. Quand c'est écrit « Expérience en cours » sur sa porte, ça veut dire que je peux lui rendre visite après. Il est sympa et patient avec moi, alors ça ne me fait pas de mal d'attendre un peu ! Albedo
100%
Dehya Il m'a offert un poste à l'Académie une fois. J'ai refusé, travailler dans un tel endroit m'ennuierait à mourir. Lui, par contre, est exactement le genre de personne que je peux imaginer travailler là-bas : toujours à faire de longues phrases alambiquées, et avec un ton prétentieux... Alhaitham
100%
Klee […] est géniale ! Baron Lapinou est trop mimi et en plus, il peut exploser. Je l'adore ! Amber
100%
Yoimiya Oh, lui. Il a l'air effrayant, mais les enfants l'adorent. À chaque fois que nous jouons avec eux, ça se termine par un petit défi entre lui et moi. Par exemple, manger un bol de ramen le plus rapidement possible ou des prunes salées sans faire de grimace. Les enfants essaient de deviner le gagnant et nous encouragent. Du coup, je ne peux pas me permettre de perdre, pas vrai ? Arataki Itto
100%
Rosalia […] est comme une épine dans le pied. Elle vient constamment me harceler à propos de la messe et de la pratique de la chorale. Je ne serais pas surprise si sœur Victoria lui avait spécifiquement demandé de garder un œil sur moi. Barbara
100%
Ganyu Les gens de la Terrasse Yujing n'arrêtent pas de se plaindre de l'équipage du Crux ces derniers temps. Mais à mes yeux, la contribution de la capitaine […] dépasse de loin tout ce que pourraient imaginer tous ces colporteurs de rumeurs... Oh, pardon, j'ai... J'ai pensé tout haut. Beidou
100%
Ororon Grand-mère est en réalité une personne très directe. Elle dit ce qu'elle pense et elle n'est pas très douée pour cacher ses émotions. Tu as le même âge qu'elle, non ? Ou... Tu es encore plus âgé·e ? Désolé, ça ne se demande pas. C'était sans doute impoli de ma part... Mais si j'ai raison, vous pourriez peut-être passer plus de temps ensemble. Grand-mère est entourée de personnes plus jeunes qu'elle depuis longtemps, et elle en a probablement assez. Je sais qu'elle sera contente de te voir. Citlali
100%
Diona Ce […]... Je ne peux pas le voir ! Sans […], pas d'industrie du vin à Mondstadt. Et sans industrie du vin, mon père ne boirait pas. Et si mon père ne buvait pas... il pourrait me tenir compagnie... *soupir* Diluc
100%
Fréminet ... Bon, d'accord. J'ai vu l'Archon Hydro lorsqu'elle était assise dans le public. À mes yeux, c'est une oratrice très charismatique, mais ce sont ses silences qui m'intriguent le plus. Ses yeux... Ils sont comme l'obscurité au fond de l'océan. Cachant un profond secret, craignant que quelqu'un ne s'approche d'elle... Ah ! Désolé, je... J'ai laissé mon imagination prendre le dessus. Furina
100%
Keqing Récemment, je lui demande souvent son avis sur certaines choses dont je n'ai pas la moindre idée. De tous les Liyuéens, c'est de loin celle qui connaît le mieux le Souverain de la Roche. Je suis un peu gênée car j'avais l'habitude de le critiquer ouvertement devant elle, mais ça n'avait pas l'air de la déranger. Ça me rassure... Ganyu
100%
Yae Miko Il a une queue magnifique. Mais la mienne est beaucoup plus soyeuse... Héhé… Gorou
100%
Baizhu La directrice et moi avons des opinions différentes, tout simplement. Je ne suis pas particulièrement hostile envers elle, mais elle a tendance à me traiter avec méfiance. Hu Tao
100%
Qiqi Je déteste ce qu'elle représente : la chaleur, l'hypocrisie et la mort… Hu Tao
100%
Xinyan Je n'ai aucune idée de ce qu'elle a dans la tête, à avoir l'air toute joyeuse comme ça alors qu'elle gère le Funérarium Wangsheng. Elle m'accueille toujours gentiment aussi, en disant « J'aime les gens qui jouent avec le feu, ils sont bons pour les affaires » ou un truc comme ça... Elle est un peu bizarre, je te dis. Hu Tao
100%
Eula La Grande Maîtresse suppléante ? Nos familles sont ennemies jurées. Mais elle sait faire la différence entre affaires privées et affaires professionnelles. Elle a vu de quoi j'étais capable, m'a admise parmi les chevaliers de l'Ordre, et m'a offert nombre d'opportunités. Cela lui vaudra un peu de clémence de ma part quand viendra le moment de ma vengeance. Jean
100%
Gorou J'ai vu toutes sortes de vagabonds, mais [...] ne ressemble à aucun autre. Il est comme un coup de vent : il ne reste jamais longtemps au même endroit, mais il apporte toujours quelque chose à ceux qui l'entourent. En combattant à ses côtés, j'ai mieux compris ce que c'est que d'être vraiment libre et insouciant. En tout cas, je trouve que Kazuha et moi formons une très bonne équipe ! Kaedehara Kazuha
100%
Diluc […] ? On ne peut jamais vraiment se fier à tout ce qui sort de sa bouche. Kaeya
100%
Collei Le général mahamatra l'a amené une fois chez nous pour un repas. Dès que les fruits sont arrivés sur la table, il a commencé à parler de son colocataire difficile et buté. On n'a même pas essayé de l'interrompre, on s'est contenté de hocher la tête et d'essayer d'étouffer nos rires, ce qui a demandé beaucoup d'efforts. Kaveh
100%
Albedo […] est comme une sœur pour moi. C'est pour ça qu'à chaque fois qu'elle s'attire des ennuis, je me console en me disant qu'au moins pour l'instant, elle n'a pas la puissance d'Alice... Klee
100%
Voyageur Paimon : […] est une petite fille fascinante. Paimon : Tous les chevaliers de l'Ordre de Favonius l'adorent. J'irais même jusqu'à dire qu'ils la gâtent... Voyageur : Qui de vous deux est la plus forte ? Voyageur : Ah, j'oubliais. Tu n'es pas une mascotte... Paimon : Hmph. Arrête-toi tout de suite, je sais ce que tu vas dire. Ta blague a été faite et refaite, ce n'est même plus drôle. Klee
100%
Kaeya Avec […], n'oublie jamais de rendre tes livres en temps et en heure. Elle est entrée dans une colère noire quand j'ai eu le malheur de dépasser le délai d'emprunt. Mon bras me fait mal rien que d'y penser… Lisa
100%
Charlotte Quelle que soit la question que vous lui posez, […] baisse calmement les yeux, sans la moindre expression sur son visage. C'est comme si c'était une sorte... de marionnette horlogoïde. Je suis sérieusement tentée d'écrire un article intitulé « L'assistante mécanique du génie de la magie : le plus grand secret de toute l'histoire de la magie... » Mais je soupçonne que même ça ne pourrait pas provoquer de réaction de sa part. Lynette
100%
Kirara J'ai rencontré un magicien à Fontaine, il pouvait faire disparaître n'importe quoi, puis le faire réapparaître de nulle part ! Il a dû utiliser une sorte de pouvoir démoniaque pour que ça se produise, n'est-ce pas ? Hmm... C'est aussi un démon alors ? Lyney
100%
Citlali Héhé, [...]... Ahem, je veux dire, l'Archon est venu me parler l'autre jour. Ce n'est qu'en grignotant au milieu de la nuit que j'ai réalisé qu'elle se vante tout le temps ! Il y a un ancien dicton d'une autre nation qui dit : « Les saints sont humbles jusqu'à ce qu'on leur pose des questions sur leur devoir, c'est alors que leur fierté est grande. » Je pense que ça lui va parfaitement. Mavuika
100%
Mualani [...] est la personne la plus respectée de Natlan. Je l'admire énormément, pas seulement parce qu'elle est [...], mais... parce qu'elle a l'air super cool quand elle surfe ! Je l'ai même déjà défiée à la course... Hmm ? Qui était la plus rapide ? Battez-moi lors d'une course et je vous le dirai ! Mavuika
100%
Fischl Fischl : Ah, oui ! Je me souviens de cette […], une astromancienne réputée qui a eu le culot d'essayer de voir mon destin. Eh bien, elle n'avait pas fini de trembler face à sa découverte ! Oz : La pauvre fille se retenait de pouffer de rire... Ce n'était pas chose aisée. Mona
100%
Kachina […] est ma première bonne amie ! Avant de la rencontrer, je ne savais pas qu'une personne aussi gentille existait, ni qu'il y avait tant de choses amusantes dans le monde ! Regardez, c'est une photo de nous ! Elle a dit de sauter au moment de la prise... Vous trouvez que j'ai l'air un peu raide ? Héhé, vous avez remarqué ! Beaucoup de gens nous regardaient, alors j'étais vraiment nerveuse... Mualani
100%
Clorinde […] est joyeuse ces derniers temps. Elle me demande souvent de la rejoindre au sein de la Troupe de plateau pour jouer un nouveau scénario. Ce n'est jamais la même histoire. Mis à part les fois où j'étais meneuse de jeu, je joue le rôle de personnages, comme […]. Par contre, j'évite d'incarner un rôle en rapport avec les tribunaux pour ne pas plomber l'ambiance... Navia
100%
Lisa Quand je regarde […] nettoyer les étagères de la bibliothèque, j'ai l'impression que ça la rend heureuse de se tuer à la tâche... C'est étrange. Pourquoi se donner autant de mal ? Noëlle
100%
Venti Ce garçon aux cheveux blancs du Territoire des Loups ? Ah, il a été élevé par des loups ? Je ne suis pas surpris, je reconnaîtrais cette odeur parmi mille… Razor
100%
Chongyun Les anciens de mon clan ont déjà parlé d'elle. Ce qui est arrivé à sa famille... *soupir* C'est quelque chose qui nous touche tous. Je pensais que cette fois, on pourrait ramener quelqu'un dans notre clan. Les anciens étaient tellement contents quand ils ont appris qu'elle était encore en vie. Ils ont dit qu'ils voulaient lui préparer des cadeaux et ils ont choisi un jour propice pour se réunir. Mais je ne m'attendais pas à ce qu'elle soit aussi difficile à retrouver. Attendez une minute, si je me fie à l'arbre généalogique, est-ce que ça signifie que... Je ne vais quand même pas l'appeler « Tante […] », si ? Shenhe
100%
Yae Miko S'enfermer dans le plan euthymique quand il est clair qu'elle veut en sortir, c'est tout bonnement de l'auto-torture volontaire, vraiment... Mais c'est ce côté têtu qui la rend attendrissante, tu ne trouves pas ? Shogun Raiden
100%
Yumemizuki Mizuki J'ai pris mon courage à deux mains pour inviter [...] aux bains après le Festival des mikawas. Lorsqu'elle s'est installée dans le bain, une mèche de ses cheveux est tombée dans l'eau. J'ai pensé à la remettre en place, mais j'ai eu peur que ce soit un geste déplacé envers elle. Évidemment, Miko n'aurait jamais hésité... Cela me rappelle malheureusement qu'il me reste encore beaucoup de chemin à parcourir en tant que démon. Shogun Raiden
100%
Wriothesley […], l'infirmière en chef, possède toutes les vertus associées à la profession médicale et se soucie sincèrement du bien-être de tous ceux qui l'entourent. Elle semble cependant avoir pris quelques mauvaises habitudes à mes côtés, comme parier fréquemment avec ses amies mélusines sur qui pourrait mettre le plus d'autocollants sur mes affaires. Non, cela ne me dérange pas vraiment... Sigewinne
100%
Jean […] est une alchimiste douée. Avec Albedo à ses côtés, elle n'a aucun souci à se faire, mais... Non, il n'y a pas de mal à rester dans son petit monde après tout. Sucrose
100%
Arlecchino En toute objectivité, sa personnalité ne convient pas à celle d'un Exécuteur. Il essaye souvent de voir le meilleur chez les gens... Et résultat, ils se servent de lui. Évidemment, c'est quelqu'un de très talentueux qui s'imposera avec le temps. Il n'y a pas besoin de le juger aussi tôt. Tartaglia
100%
Kamisato Ayato Il n'y a aucun doute dans mon esprit sur la loyauté de […] envers le Clan Kamisato. Il y a longtemps, pour le sonder, je lui ai conseillé de partir s'il ne voulait pas se laisser entraîner dans d'interminables disputes politiques. Pourtant, il a choisi de rester et sa présence m'a épargné bien des soucis. Il y a très peu de personnes en qui j'ai entièrement confiance ces jours-ci, et […] est l'une d'entre elles. Thomas
100%
Eula J'ai entendu ce barde chanter quelques chansons sur le Clan Lawrence... Des histoires simples, drôles, qui se moquaient du clan d'une manière que je n'avais jamais entendue ailleurs. J'en ai même éclaté de rire... Et pour cela, il doit payer ! Venti
100%
Navia C'est épuisant de parler avec […]. Clorinde m'a dit qu'elle arrive à travailler avec lui dans le cadre de notre contrat préétabli, mais qu'il ne faut pas se fier à tout ce qu'il raconte. Pas étonnant que mon père ne se soit jamais mêlé des histoires de la Forteresse. Par mesure de sécurité, mieux vaut laisser les choses telles qu'elles sont. Wriothesley
100%
Kirara Dame [...] est une Kitsune très connue à Inazuma, il est donc naturel pour les jeunes démons comme moi de l'approcher avec révérence. Contrairement à mes attentes, elle a été étonnamment aimable. Elle est même venue me rendre visite en personne et m'a appris beaucoup de choses utiles sur la survie dans la société humaine ! Des choses comme l'étiquette humaine, les façons d'aborder les gens et différentes recettes de tofu frit... Hein ? Ces recettes ne concernaient qu'elle ? Yae Miko
100%
Yumemizuki Mizuki Il y a des siècles, nous étions voisines. [...] était beaucoup plus sérieuse dans ses activités à l'époque. Je me souviens qu'elle venait d'apprendre à se transformer en humaine... Cette période de simplicité et d'innocence me manque parfois. À l'époque, elle me rendait visite tous les jours pour que je puisse goûter à ses rêves. Des notes de fleurs de cerisier, de papier, d'encre, de dango tricolore et de tofu frit... C'est ce qui m'en reste. Elle me suppliait de me transformer en humaine pour l'accompagner en ville et trouver des objets qui correspondaient aux saveurs de ses rêves. Si quelqu'un nous surprenait, on se retransformait immédiatement en nos formes originales pour nous enfuir. Elle courrait si vite qu'elle me perdait la plupart du temps... Yae Miko
100%
Kuki Shinobu À l'époque, je me suis disputée avec ma famille et je n'avais qu'une envie : m'enfuir le plus loin possible. Je suis donc allée étudier le droit à Liyue, et grâce à cette expérience, j'ai pu rencontrer […]. C'est une véritable encyclopédie juridique ambulante. Hein ? Moi ? J'ai un diplôme, mais pratiquer le droit est assez contraignant... Ce n'est pas vraiment un domaine qui me convient. Yanfei
100%
Baizhu ... À chaque fois que […] nous rend visite pour jouer avec Qiqi, elle se plaint de l'amertume de nos médicaments et me demande si j'en ai d'autres avec un goût différent. Leur goût ne devrait pas importer, tant qu'ils guérissent les gens. Yaoyao
100%
Arataki Itto Pff, elle est toujours en train de se pavaner avec ses feux d'artifice et ses jouets pour plaire aux enfants. Y'en a marre ! Elle n'a pas le droit de me voler la vedette, c'est moi que les enfants préfèrent ici ! Tu as intérêt à être de mon côté ! Comment ? Tu n'es pas un enfant ? Et alors ? Tous ceux qui sont plus petits que moi sont des gamins. Yoimiya
100%
Kaedehara Kazuha Elle a mandaté la capitaine Beidou la dernière fois pour le transport de feux d'artifice vers Liyue, c'est moi qui ai déchargé le bateau. C'était si lourd ! Je doute que quelqu'un d'autre soit capable de fabriquer des feux d'artifice aussi impressionnants. Yoimiya
100%
Cyno Je ne suis peut-être pas en position de donner mon avis sur une divinité, mais j'ai pu voir sa sagesse, son courage et sa détermination lorsque nous avons travaillé ensemble. Contrairement à ces sages qui ne savent qu'émettre des critiques à son égard sans la moindre preuve, je pense être une source d'information beaucoup plus fiable à son sujet : c'est une divinité exceptionnelle qui est digne de notre confiance. Nahida
93%
Hu Tao […] est géniale ! Juste un petit « Bouh » et elle saute au plafond, c'est tellement facile de lui faire peur ! Avec le métier que j'ai, c'est ce genre de personnes que je préfère. Par contre, il va falloir que je fasse attention, je n'ai pas envie de me faire griller par Gooba. Xiangling
93%
Faruzan […]... Cette jeune fille est très respectueuse envers ses aînés et elle est aussi très studieuse, c'est une élève modèle ! Il faut être doux et encourageant avec les enfants comme ça, Tighnari ne devrait pas être aussi strict avec elle. Tss... Je dois réfléchir à un moyen de lui soutirer... Ahem ! Je veux dire... En tant qu'aînée... Je dois réfléchir à la façon d'améliorer l'environnement éducatif des jeunes d'aujourd'hui... Collei
92%
Chiori Quand je vivais encore à Inazuma, il y avait un chat aux yeux verts qui aimait me suivre lorsque j'allais dans la nature à la recherche d'inspiration. Le chaton semblait très intéressé par les couleurs et les motifs des tissus que je portais. Quand elle était de bonne humeur, elle venait même se frotter la tête contre mes jambes. Plus tard, j'ai reconnu ces yeux verts, mais sur une fille qui avait deux queues. Même après tant d'années, sa façon de regarder de nouvelles choses fascinantes n'a pas changé. Kirara
92%
Kamisato Ayaka Ce que je pense de Son Excellence ? Cela serait inapproprié d'en discuter, étant l'un de ses sujets. Mais... elle doit sans doute se sentir seule dans sa quête d'« éternité ». Shogun Raiden
92%
Rosalia Il y a quelque chose d'extrêmement intéressant à propos de ce barde... Je ne peux pas vraiment mettre le doigt dessus. Il a quelque chose qui le différencie des autres habitants de Mondstadt. Venti
92%
Hu Tao Auriez-vous vu […] ? Dites-moi où elle se trouve. Je dois l'enterrer au plus vite, héhé ! Qiqi
91%
Barbara Sœur […] ne participe jamais aux prières collectives, alors il est difficile de faire plus ample connaissance avec elle. Je suis certaine qu'elle partage notre foi, mais je n'ose pas trop lui parler… Rosalia
91%
Iansan J'ai beaucoup de respect pour [...], mais... je ne cautionne pas ses choix de vie. Je pensais qu'elle avait l'habitude de se lever tôt, parce que je la voyais toujours debout lors de mes courses matinales. En réalité, c'est parce qu'elle était restée debout toute la nuit et qu'elle rentrait enfin chez elle pour dormir... Et elle vit comme ça depuis quoi, 200 ans ? Comment son corps n'a-t-il pas encore lâché, je ne le comprendrai jamais. J'imagine que les shamanes de cette tribu ont une constitution différente. Citlali
90%
Rosalia Le vin a son utilité... comme révéler la vraie nature des gens, par exemple. L'éloquence de […] est une façade, mais je peux voir au travers. Ah, vous devriez le voir quand il est ivre. Kaeya
90%
Kujou Sara Dans la résidence du Clan Kujou, le seul son que l'on peut percevoir est celui des soldats à l'entraînement dans le dojo. Mais à chaque fois que je passe devant la résidence du Clan [...], j'entends de la musique, des chamailleries et des rires. J'ai entendu dire que dame [...] était très douée au jeu de go et j'ai toujours souhaité lui rendre visite, mais... J'ai bien peur que quelqu'un d'aussi sérieux que moi n'ait pas sa place là-bas. Kamisato Ayaka
90%
Lan Yan Quand [...] fera-t-elle enfin une pause ? Elle courait partout pendant le Festival des lanternes. Je voulais lui offrir un repas pour la remercier de sa gentillesse, mais je n'en ai jamais eu l'occasion... J'espérais aussi qu'elle pourrait me coiffer avec une paire d'oreilles de chat comme la sienne. Mais... c'est peut-être trop demander. Même si quelque chose me dit que ça ne la dérangerait pas... Keqing
90%
Shikanoin Heizou […] ? C'est sans aucun doute possible la personne la plus stricte de toute la Commission administrative ! Ce serait bien qu'elle nous lâche un peu la grappe et qu'elle nous laisse respirer. Elle est toujours sur mon dos à cause de mes absences occasionnelles inexpliquées, mais que voulez-vous que je vous dise... Je vais juste là où les preuves me mènent. Kujou Sara
90%
Fischl Fischl : Sœur [...] est une religieuse les plus dévouées à l'Archon Anémo. Oz : Parlons-nous vraiment de la même personne, chère maîtresse ? Fischl : Je suis sûre ! Un soir, je l'ai entendue dire à autrui : « Périssez au nom du Seigneur Barbatos ! »... Je pense qu'elle menait une prière... Rosalia
90%
Ganyu Il maintient toujours une certaine distance avec ceux qui l'entourent – j'imagine que c'est inévitable, au vu de sa nature... Je peux le comprendre, mais je n'arrive pas à briser cette distance. C'est juste que... Celui qui partageait son contrat n'est plus ici aujourd'hui... Xiao
90%
Chasca Elle a peut-être l'air de manquer d'énergie, mais ne t'y trompe pas. C'est l'une des personnes les plus assidues que tu rencontreras. Quand je lui ai demandé de me fabriquer une arme, je n'y ai presque pas réfléchi. Je lui ai juste donné une idée générale de ce que je voulais et je l'ai laissée se débrouiller. Puis, une fois qu'elle a commencé à travailler sérieusement dessus, elle a passé une journée entière à me poser des questions. À quoi ressemble une journée de vol ordinaire, à quelle fréquence j'aimerais l'utiliser et ainsi de suite. À la fin de la journée, le sol était jonché de brouillons abandonnés... J'étais tellement épuisée que je me suis endormie avant elle. Elle a ensuite rédigé tout un guide d'entretien qu'elle m'a forcée à mémoriser pour éviter que je vienne constamment l'embêter avec des questions... C'est du moins ce qu'elle a dit. Mais je soupçonne que sa véritable motivation était de s'assurer qu'il ne m'arriverait rien et que je volerais en toute sécurité. Xilonen
90%
Sayu Chaque fois qu'elle me croise, […] me dit : « Coucou petit Tanuki ! Allons nous amuser au festival ! » ou quelque chose comme ça. Premièrement, je ne suis pas un Tanuki. Deuxièmement, je n'ai pas envie d'aller à un festival. Troisièmement, elle veut juste se servir de moi pour montrer quelques techniques ninja à son spectacle de feu d'artifice. Rien à voir avec le travail que je fais pour le Shuumatsuban ! Yoimiya
90%
Bennett Oh, je vois de qui tu parles. C'est cette fille qui court dans tous les sens... Elle aime explorer la nature, comme moi ! Par contre... il ne faut pas la laisser cuisiner. Il y a toujours de la fumée noire et une odeur de steak brûlé qui flottent dans le coin. Pas de chance, hein ? Amber
89%
Diluc […] se comporte de façon très froide avec moi... Je n'ai jamais vraiment eu l'occasion de lui parler. Elle pourrait avoir un problème avec ma famille ou... Ah, c'est l'alcool qu'elle déteste ? Je n'aurais jamais pensé qu'il existait une barmaid qui détestait l'alcool à Mondstadt... Diona
89%
Lyney Avez-vous déjà senti les parfums qu'elle confectionne ? Je les aimais bien et pensais m'en acheter une bouteille... Mais la queue de Lynette indiquait qu'elle ne partageait pas mon avis, donc j'ai laissé tomber ! Émilie
89%
Mualani Ajaw en dit plus en une journée que […] en une année entière. Ça ne doit pas être facile de gérer toutes les pitreries d'Ajaw. Mais d'une manière ou d'une autre, […] parvient toujours à faire comme il l'entend. Maintenant que j'y pense, la seule fois où ils semblent aussi peu intéressés l'un que l'autre, c'est lorsque je leur parle d'horoscope... Kinich
89%
Bennett Il est taciturne et peu loquace, mais je l'aime bien ! On aime la viande tous les deux. Ça m'arrive de lui faire la cuisine et en échange, il m'apprend le langage des loups ! Tu devrais te joindre à nous la prochaine fois, on s'amuse comme des fous. Razor
89%
Cyno […] m'a dit une fois de ne pas raconter de blagues à table, et a insisté sur le fait que mes blagues n'étaient pas drôles. Je n'étais pas d'accord, alors j'ai raconté trois de mes meilleures blagues à la suite, sans oublier d'expliquer ce qui était drôle... Quand j'ai fini de parler, mon assiette était froide. Tighnari
89%
Amber […] reste enfermé dans son bureau la plupart du temps pour bidouiller des trucs. Quand je le regarde, je me demande ce qui peut bien lui traverser l'esprit... Mais je n'en ai vraiment aucune idée. Albedo
88%
Fréminet Je ne sais pas pourquoi, mais […] ne me croit jamais quand je lui dis que je ne suis qu'un plongeur ordinaire. Elle est convaincue que mon passé est plein d'histoires qui n'attendent que d'être déterrées... Suis-je vraiment un mauvais menteur ? Charlotte
88%
Lynette J'ai reçu une fois l'ordre d'observer un de ses duels. Même pour la spectatrice que j'étais, la froideur qui émanait d'elle était absolument effrayante... Je ne sais pas ce que ce serait de lui faire face directement dans un combat, et j'espère que je ne le saurai jamais. Clorinde
88%
Beidou […] n'est pas du genre à parler de manière directe, mais elle ne s'est pas gênée pour me critiquer par le passé. Hahaha... Enfin, qu'elle m'aime ou non, je ne peux rien faire pour changer la situation. Ningguang
88%
Xilonen Selon la règle du moins par moins égale plus, quelqu'un d'étrange dans un groupe de personnes étranges devrait en théorie être normal. Malgré tout, […] me paraît toujours un peu étrange. Néanmoins, il semble très sympathique en tant que personne. Il a même demandé à Ifa d'apporter des fruits et du miel aux Enfants des échos, probablement parce qu'il pensait qu'il nous avait causé trop de problèmes. Je ne pensais pas qu'on pouvait obtenir un miel aussi sucré à partir de pucerons phlogistiques, il doit savoir ce qu'il fait. *soupir* Pourquoi certaines personnes sont naturellement douées avec les plantes et les animaux ? Ororon
88%
Xiangling J'ai eu mon lot de clients exigeants, mais M. […] est le plus particulier d'entre eux et il n'a pas la langue dans sa poche ! Quand je lui ai servi du tofu salé et poivré, il lui a suffi d'une bouchée pour me dire : « Vous devriez essayer le sel des eaux de la Forêt de pierre de Guyun. Le tofu n'en serait que meilleur. » J'ai fait ce qu'il a dit et le goût du plat était totalement différent ! M. […] est génial ! Zhongli
88%
Kirara Elle est vraiment gentille avec moi. Je l'ai souvent rencontrée dans le passé lorsqu'elle recherchait des moyens de fabriquer des tissus et de développer des palettes de couleurs. Elle avait toujours peur que je laisse des marques de griffes sur ses beaux textiles, mais bon, pourquoi lui ferais-je ça ? Elle tient maintenant un magasin à Fontaine et me demande parfois de lui livrer des choses. Haha, elle m'a même aidée à retoucher les vêtements que je porte maintenant. Chiori
86%
Klee […] est trop cool ! Elle a dit qu'elle anéantirait l'« industriduvin » de ses propres mains ! Je vais l'aider grâce à mes bombes ! Même si je ne sais pas trop ce qu'est un « industriduvin »... C'est un monstre ? Diona
86%
Kaveh […] est la propriétaire du Palais d'Alcazarzaray... Vous croyiez qu'il m'appartenait ? Pas du tout ! Et je le sais très bien... Bref ! […] est très rusée. Elle sait parfaitement comment manipuler les autres pour faire ce qu'elle souhaite. Je... Je lui dois une forte somme d'argent... pour certaines raisons. C'est une affaire compliquée, mais... J'aimerais qu'elle soit plus indulgente avec moi et surtout, qu'elle arrête de me pourrir la vie pour des moras. Je ne pense pas que ce soit une mauvaise personne, mais que lui est-il arrivé pour qu'elle devienne comme ça ? Dori
86%
Mika J'ai beaucoup d'admiration pour la capitaine […]. Elle est amicale, franche et possède un mental d'acier. Je crois que je serais resté enfermé dans ma chambre si tout le monde me dévisageait et parlait derrière mon dos. Eula
86%
Noëlle En rangeant une étagère, je suis tombée sur un livre nommé « Fleurs pour la princesse […] ». Moi qui pensais que c'était un roman de fantasy, j'étais loin de me douter que l'héroïne était belle et bien réelle ! Ça ne doit pas être n'importe qui, pour avoir sa biographie publiée... Fischl
86%
Kinich Un jour, j'ai vu une offre de mission qui la concernait. Quelques membres peu recommandables de sa tribu étaient jaloux de son antique nom et avaient décidé d'embaucher quelqu'un pour s'en prendre à son compagnon saurien... J'ai déjà veillé à ce qu'ils en paient le prix. Kachina
86%
Yae Miko Pas forcément la plus futée des Tengu. Elle n'a certainement pas hérité de l'esprit brillant de son père, c'est sûr. *soupir* Comment dire ? Je suppose qu'être franche et faire preuve de tact a ses avantages... Mais j'espère que la prochaine fois qu'elle viendra au sanctuaire, elle saura se retenir. J'ai mieux à faire que de répondre à ses questions incessantes sur Ei. Kujou Sara
86%
Mona […] ? Ce barde fainéant qui passe ses journées à flâner ? Je ne vois pas pourquoi il t'intéresse, mais soit, je vais lire son avenir... C'est bizarre, mon disque d'eau est flou... Ce vent est trop fort ! Mon chapeau ! Je vais m'envoler ! Stop ! J'arrête tout ! Je promets de ne plus jamais recommencer ! Venti
86%
Arataki Itto C'est moi qui ai gagné le concours de kitsune ramen. Même avec du tofu frit dans le plat, je l'ai battue à plate couture ! Bon, après ça, j'ai été cloué au lit pendant un bon mois... Mais je préfère être un gagnant malade qu'un perdant en bonne santé ! Alors qu'elle, elle a dû payer une note de 32 bols de ramen. C'est trop la honte ! Hahahaha... Yae Miko
86%
Émilie Quand l'odorat d'un parfumeur commence à s'émousser, il existe une solution simple pour y remédier : boire de l'eau fraîche. Je ne fais pas très attention à l'eau que je bois d'habitude, mais j'ai assisté un jour à une dégustation d'eau organisée par monsieur […]. Il a une compréhension tellement abstraite, mais particulière des propriétés des différents types d'eau. Un peu comme quand les magazines parlent de parfum. Il a pris le temps de prendre connaissance de mes besoins et m'a recommandé quelques eaux avec une grande sincérité. Parfois, j'achète exprès les eaux qu'il m'a recommandées par respect pour lui. Neuvillette
85%
Nilou Il paraît que c'est un spécialiste de la botanique. Il doit sûrement être très fort pour différencier les champignons. Au moins, il n'a jamais à s'inquiéter de manger un champignon vénéneux... Je l'envie tellement. Tighnari
85%
Faruzan Il est évident que les blagues de […] sont construites en utilisant des termes et des structures grammaticales modernes. Cependant, je n'arrive toujours pas à en deviner la chute simplement en me basant sur la syntaxe et la sémantique... Comment, tu dis qu'il ne s'agit que de sens littéraux et d'homophones ? Vraiment ? Si c'est le cas, ces blagues n'ont vraiment aucun intérêt... Cyno
83%
Nilou C'est difficile de s'imaginer que tant de choses se sont passées ces derniers temps. Je voulais trouver un bon cadeau pour […] et Dunyarzad, mais je n'arrive pas à me décider. Les amis du Grand bazar m'ont fait de nombreuses suggestions, mais je ne peux pas toutes les retenir... Que devrais-je faire ? Dehya
83%
Bennett Ah oui, la Princesse du châtiment venue d'un autre monde ! Cette fille est géniale. Je lui demande toujours si on peut explorer son monde ensemble, mais je crois qu'elle évite le sujet parce qu'elle se fait du souci pour moi. C'est clair que ça a l'air d'un endroit dangereux... Fischl
83%
Alhaitham Quelqu'un a installé un stand dans la rue et prétendait que pour chaque porte-clés fait main qu'il vendait, un enfant pauvre recevrait un repas. […] en a acheté au moins une douzaine. On est à Sumeru, où même les soins de santé sont gratuits... Ai-je besoin d'en dire plus ? Kaveh
83%
Shikanoin Heizou Je n'ai jamais vu Son Altesse [...]. Quand elle fait son apparition, tout le village se presse autour d'elle, et moi, ce n'est pas mon genre de faire ça. Oh, et même si j'arrivais à passer à travers tous les villageois, il reste encore son escorte de prêtresses du sanctuaire ! Nous, les jeunes, on doit vraiment se démener pour obtenir une telle reconnaissance de la part de tous comme elle l'a fait. Sangonomiya Kokomi
83%
Sangonomiya Kokomi Au départ, j'étais étonnée de voir quelqu'un vêtu de l'uniforme de la Commission administrative venir sur l'Île de Watatsumi. Un samouraï de la Commission administrative ne ferait jamais preuve d'un caractère aussi effronté, tandis qu'un espion n'agirait pas de manière aussi ostentatoire. Peu après, j'ai découvert qu'il s'agissait d'un « détective » auto-proclamé dénommé [...] et qu'il ne s'intéressait en rien aux affaires militaires, politiques ou commerciales de l'Île Watatsumi. Au contraire, il n'était là que pour faire un peu de tourisme. Je me suis donc assurée qu'on le surveille de loin mais j'ai interdit toute action visant à lui faire quitter l'île. Si l'occasion se présente, allez donc échanger quelques mots avec lui. Shikanoin Heizou
83%
Iansan Ce qui m'inquiète le plus pour [...] en ce moment, c'est qu'elle n'arrive pas à gérer son énergie. Son métabolisme semble être constamment en surrégime. Elle gaspille donc énormément d'énergie, ce qui d'après moi expliquerait son appétit sans fin. J'espère qu'elle prendra le temps d'en chercher la cause. J'adorerais la voir acquérir la capacité de mieux gérer ses dépenses en énergie pour qu'elle n'ait pas besoin de manger autant à chaque repas... C'est agréable de la voir apprécier pleinement sa nourriture. Mais en même temps, j'aimerais vraiment l'inciter à faire plus attention à ce qu'elle mange. Ce n'est pas bon d'ingérer autant de nourriture, il faut faire attention à la nutrition et aux quantités. Et surtout à limiter sa consommation de graisses et de sucres. Il est préférable de contrôler son alimentation maintenant plutôt que de devoir faire face à des complications plus tard. Varesa
83%
Arataki Itto Je lui ai juste mis une petite tape sur la tête quand elle ne regardait pas, et maintenant elle me bondit dessus pour m'attaquer dès qu'elle me voit... Mais que veux-tu, les Tanukis sont si mignons ! Personne d'autre n'aurait résisté à toucher sa tête à ma place. Ah oui aussi... Si tu as le malheur de lui dire : « hé, la Tanuki » pour l'appeler, elle t'attaque. C'est quoi son problème ? J'ai pourtant pas rêvé. C'est une Tanuki, pas une Kitsune... Sayu
82%
Yaoyao […] a un épais ouvrage de codes juridiques qu'elle toujours avec elle, même quand elle vient rendre visite au maître pendant ses jours de congé. Elle est incroyable ! Je ne sais pas comment elle fait pour trimballer cet objet lourd tout le temps, et je n'ose pas imaginer le travail que ça doit demander pour le lire... Yanfei
82%
Gaming Je suppose que monsieur […] est un homme cultivé issu d'une famille aisée. Je le vois toujours en train de boire du thé en écoutant le conteur avec un air intelligent, quand je livre des marchandises à un salon de thé ou à un opéra. Une fois, je l'ai même entendu parler de thé avec quelqu'un, et à ce moment-là, j'étais sûr qu'il aurait pu tenir une conversation sur le sujet avec mon père jusque tard dans la nuit... Zhongli
82%
Xiao Est-ce que je peux demander... […], que fait-il de ses journées ? Hein ? Des oiseaux, des antiquités, des fleurs… Hmm... Quelle est la signification de tout cela ? Zhongli
82%
Furina […] ? Qui est-ce ? Oh, je l'avais presque oubliée... Laisser une personne comme elle occuper vos pensées ne peut que vous provoquer des cauchemars. Arlecchino
80%
Chevreuse J'ai rencontré ce plongeur lorsque nous voulions acheter le même composant. Il n'en restait qu'un seul de disponible, et je m'apprêtais à lui dire que je pouvais le lui laisser quand il a retiré sa main brusquement et a détalé jusqu'à la sortie, tête baissée. Je sais que c'est un peu bizarre de dire ça, mais on aurait dit qu'il avait des Gendarmes à ses trousses. Fréminet
80%
Ororon Ajaw est un cas intéressant. Il est vieux, mais en même temps très jeune... Et […] est tout le contraire : jeune, mais aussi très vieux. Tu vois ce que je veux dire, n'est-ce pas ? Kinich
80%
Sigewinne […] est doublement mignonne : comme un être humain et comme un chat ! Après l'avoir observée un peu, j'ai remarqué que ses oreilles se penchent vers l'avant lorsqu'elle prend du thé et des gâteaux. J'ai envie de lui faire une caresse sur la tête... Vous aussi ? Et si nous lui demandions la prochaine fois ? Lynette
80%
Sethos Qui c'est ? Un étudiant international ? Son chapeau est vraiment impressionnant, je n'en ai jamais vu un comme celui-là. J'ai essayé de le voir de plus près une fois, mais il s'est volatilisé après que j'ai cligné des yeux. Dommage, mais je ne le laisserai pas s'échapper la prochaine fois. On m'a aussi dit qu'il avait une façon de penser assez spéciale... Il faudrait que je discute avec lui un jour ! Nomade
80%
Xingqiu Où peut-on écouter […] ? N'importe où de la Falaise Chihu à la Terrasses Yujing : aucun lieu n'est épargné par sa... présence. Les jours de calme propices à la lecture sont une denrée aussi rare que précieuse. Xinyan
80%
Shogun Raiden Ah, cette femme... Au départ, c'était le genre de personne facile à amadouer grâce à du tofu frit. Je suis soulagée de voir qu'elle est devenue pleine de ressources. Je dois cependant avouer que je suis assez contrariée d'avoir été la cible de ses manigances. Je sais qu'il en allait de mon propre bien, mais je crains qu'elle ne se moque de moi lors de notre prochaine rencontre... Peut-être devrais-je prendre l'initiative et attaquer la première ? Elle esquiverait de toute manière. Yae Miko
80%
Yumemizuki Mizuki La Reine du festival d'été ? Elle m'a fait forte impression, oui. De temps à autre, je fais une enquête sur la santé mentale pour voir s'il y a des zones autour d'Inazuma où les gens seraient plus susceptibles d'avoir besoin de thérapie... Il se trouve que ce n'est pas vraiment le cas pour les gens qui vivent près de mademoiselle [...], et je ne crois pas que ce soit une coïncidence. C'est difficile de ne pas aller bien avec une personne aussi solaire et joyeuse dans les parages ! Yoimiya
80%
Razor […], tout rouge et noir. Chaud et froid. Diluc
79%
Bennett […] est la meilleure chanteuse et danseuse que je connaisse ! Je vais souvent à ses concerts après une mission foireuse... Je l'encourage, puis je chante avec les autres fans et ça me remonte vachement le moral ! Elle nous fait vivre des instants magiques, alors je comprends pourquoi on l'aime tant à Mondstadt. Si seulement la Bande à Benny pouvait être aussi appréciée... Barbara
78%
Kinich Comme vous pouvez l'imaginer, j'ai déjà accepté quelques missions de sa part. Une fois, je l'ai aidée à acheter une lourde pile de livres auprès d'un marchand d'Inazuma. Les affaires privées de mes commanditaires ne me regardent pas... Mais les Maîtres du vent nocturne n'utilisent-ils pas du tissu plutôt que du papier ? Citlali
78%
Varesa Oh, j'ai vu son nom dans la rubrique du courrier des lecteurs de certaines bandes dessinées. [...] est extrêmement respectée, elle est l'héroïne la plus puissante des Maîtres du vent nocturne ! Mais je dois avouer que je l'imaginais beaucoup plus âgée... Je ne l'ai pas du tout reconnue quand je l'ai trouvée ivre à la taverne. Elle n'avait pas le moindre mora et elle marmonnait, mais les seuls mots que je pouvais deviner étaient « Maîtres du vent nocturne ». J'ai payé sa note et je l'ai transportée sur mon épaule pour la ramener chez les Maîtres du vent nocturne. J'ai commencé à demander autour de moi à propos de [...]. Mais chaque fois que les gens posaient les yeux sur cette personne affalée sur mon épaule, une expression horrifiée se dessinait sur leurs visages... C'est là que j'ai commencé à comprendre que quelque chose n'allait pas... Citlali
78%
Thomas Dame [...] ? C—Comment ça ? *soupir* Chaque fois que mademoiselle Kamisato m'envoie livrer un message, la destination que j'aime le moins c'est le Sanctuaire de Narukami... Oh ! C—Ce n'est pas parce que dame [...] me fait peur, c'est juste euh... du respect. Je la respecte tellement que j'en ai des frissons dans le dos, hahaha... Yae Miko
78%
Tartaglia Cet homme renferme une force bien plus grande qu'il n'y paraît. Quant à l'étendue de sa puissance... Hum, j'ai vraiment hâte. Zhongli
78%
Xiangling Je sens de l'herbe brumeuse ! C'est sans doute M. […]... Il vient te voir ? Tu ne te sens pas bien ? As-tu mal quelque part ? Es-tu fatigué ? Non ? Ouf, tant mieux. Sinon tu aurais goûté à son infusion aux herbes médicinales... C'est super amer ! Baizhu
77%
Zhongli Il s'agit là de la moins pieuse des Sept Étoiles, sans aucun doute – mais je trouve sa conviction aussi admirable qu'appréciable. Les gens comme elles sont la seule raison pour laquelle j'ai pu accepter de prendre du recul vis-à-vis de Liyue. Des gens qui n'hésitent pas à parler lorsqu'ils pensent avoir raison, et qui n'hésitent pas à agir en conséquence. Keqing
77%
Citlali Entre [...] et moi, honnêtement, je ne sais pas qui est la plus redevable envers l'autre. Elle casse ma porte, me doit des moras, vole ma nourriture... Mais ensuite, elle m'apporte des collations et paie d'autres choses... J'ai du mal à suivre. À ce stade, je serais plus que ravie de dire que nous sommes quittes. Tout pour qu'elle arrête de me réveiller à onze heures du matin... Oh, euh... Peu importe ! Elle me fait juste sursauter en frappant, c'est tout. Mualani
77%
Kinich Je l'ai vue à l'œuvre. Nos méthodes de résolution des conflits sont très différentes. J'ai tendance à essayer de faire taire une des parties, tandis qu'elle s'efforce de faire taire les deux. Et lorsqu'ils reprennent conscience dans leur lit de convalescence, ils n'ont plus rien à dire parce qu'ils ont oublié la raison de leur différend. Chasca
75%
Dori On peut considérer qu'on se connaît. Après tout, je suis la seule personne dans tout Sumeru à avoir pu lui trouver la collection complète des produits dérivés de l'Invocation des Sept ! Pas mal, hein ? Je dois admettre que c'est plutôt rare de voir quelqu'un de l'Académie comme lui... Indépendant et avec les pieds sur terre. En plus, il n'a jamais marchandé les prix. Cyno
75%
Nahida La première chose qu'elle m'a dite en me voyant pour la première fois était « Charmant palais, combien vous le vendez ? ». Évidemment, je ne pouvais pas lui vendre le Sanctuaire de Surasthana, mais sa question m'a posé une colle. J'y ai réfléchi en long, en large et en travers, mais je ne suis pas arrivée à déterminer sa valeur en moras... Dori
75%
Yoimiya Après avoir discuté du festival d'été toute la soirée, j'ai invité [...] à prendre un bain. Mais quand elle a su qu'elle se laverait avec d'autres personnes, son visage s'est transformé en tomate ! C'est comme ça que j'ai appris que les filles de bonne famille ne pouvaient pas aller aux bains publics. Kamisato Ayaka
75%
Sayu Quand je dors dans les arbres, j'entends souvent les prêtresses parler de lui. Il a l'air d'être important et de toujours travailler. Je trouve ça étrange. Travailler... Pourquoi faire ? Kamisato Ayato
75%
Rosalia Ah, des ennuis, toujours des ennuis. Des ennuis mignons, certes… Klee
75%
Arataki Itto C'est moi le chef du gang, et personne ne remet ça en question ! Sauf [...]... Elle veut toujours me contredire ! Et ce n'est pas tout, elle s'amuse aussi à rendre tous les objets du butin de guerre que j'ai durement gagné à leurs propriétaires originels ! Mais bon, elle vient me sortir de prison à chaque fois et m'a aidé à me sortir d'une situation épineuse plus d'une fois, donc je laisse couler... À vrai dire, je n'ai pas envie de l'énerver, parce qu'elle serait bien capable de transformer ma vie en enfer ! Kuki Shinobu
75%
Sucrose Elle m'aide souvent de son propre chef, mais son excès de zèle me rend la vie difficile parfois. Un jour, elle a remis trois cartons de matériel à l'intérieur de mon laboratoire. C'était gentil de sa part, mais je venais de les déplacer moi-même à l'extérieur... Noëlle
75%
Citlali Hmph. Ororon
75%
Yae Miko On dirait que les prêtresses divines sont de plus en plus mignonnes au fil des générations. Je me demande ce que ça donne quand elle exécute la danse de la paix divine... Peut-être que des petits bancs de poissons viennent tourbillonner autour d'elle pendant qu'elle tourne. Si un jour elle cherche une prêtresse plus expérimentée pour lui apprendre des choses, je serai ravie d'accepter... Héhé, du moment que c'est demandé gentiment, bien sûr. Sangonomiya Kokomi
75%
Chongyun J'admire le dévouement de […] pour la chevalerie et les arts martiaux, mais je dois t'avertir qu'il peut être fort désagréable. Si tu es un jour victime de ses brimades, formons une alliance. Xingqiu
75%
Sayu Cet étrange démon violet... J'ai l'impression qu'elle pourrait me dévorer toute crue à chaque fois qu'elle me regarde... Hii ! Je ne peux pas m'attirer ses foudres, alors je vais rester bien loin d'elle ! Yumemizuki Mizuki
75%
Fischl Fischl : Je n'arrive guère à cerner cet individu dont le destin n'est que mystère. Fiction et réalité s'entremêlent dans ses paroles... Il est sans doute également doté d'une vue particulière, tout comme mon illustre personne. Oz : Ou peut-être qu'il est simplement borgne comme un pirate ? Kaeya
73%
Ganyu Son attitude vis-à-vis du Souverain de la Roche n'est pas acceptable. Mais... « Voici exactement le genre de personne dont Liyue a besoin, Ganyu. » — pour citer justement le Souverain de la Roche... Le sens caché de ses paroles m'échappe encore parfois, je l'avoue. Mais j'y arriverai un jour. Keqing
73%
Mavuika Beaucoup de gens la trouvent étrange ou difficile à vivre. Mais à mes yeux, même si elle ne se préoccupe pas des choses insignifiantes, elle est toujours là quand ça compte. Je suis sûre que vous avez pu le constater par vous-même... Il lui arrive souvent d'avoir l'esprit étroit et de s'attirer des ennuis. C'est pourquoi j'essaye de lui cacher certaines choses, mais elle peut lire en moi... Elle est trop perspicace. Citlali
71%
Yelan Je n'aime pas vraiment les personnes qui ont leur emploi du temps chargé à bloc, car cela ne laisse aucune place à la négociation. S'il se passe quelque chose qu'elles n'ont pas prévu, leurs plans tombent à l'eau, ce qui a des répercussions non seulement sur elles-mêmes, mais aussi sur leurs collègues. Mais l'Alioth est différente. Elle procède toujours de manière très méthodique. J'ai toujours plaisir à travailler avec elle. Keqing
71%
Tighnari J'ai entendu parler de cette fameuse « excentrique somnambule ». Les rumeurs sur son somnambulisme sont quand même incroyables : force surhumaine, course nocturne à travers le Village d'Aaru, escalade du Mur de Samiel à mains nues... Certains racontent même qu'elle peut écrire une thèse de 100 000 mots tout en étant endormie. Et puis quoi encore ! Layla
71%
Klee J'adore […] ! Je trouve toujours plein de trésors quand je suis avec lui, mais lui ne trouve jamais rien... Pourquoi ? Bennett
70%
Lisa C'est mieux de ne pas déranger […] si tu n'as rien à lui dire. Elle sait comment interagir avec toutes sortes d'espèces... à part l'espèce humaine, haha. Sucrose
70%
Shenhe J'avais l'impression qu'il était peu souriant. Je l'ai rencontré récemment et bien qu'il soit toujours aussi réservé... il a l'air moins tourmenté qu'avant. Peut-être qu'il a rencontré quelqu'un de spécial ? Xiao
70%
Xiangling […] t'embête aussi ? Elle profite toujours du moment où je m'y attends le moins pour me faire peur ! Hmph, ça la fait mourir de rire à chaque fois. Mais c'est difficile de lui en vouloir, parce qu'elle me ramène souvent des fleurs de prune fermentées pour que j'en fasse des gâteaux... Hu Tao
69%
Mualani Je connais […] depuis mon enfance. Il nous est même arrivé de nous chamailler pour des jouets... J'ai été assez surprise d'apprendre qu'elle était devenue médiatrice. On dit que certaines personnes mûrissent lentement, tandis que d'autres grandissent presque instantanément. Je me demande parfois si j'ai déjà commencé... Chasca
67%
Clorinde Ah, la capitaine […]. J'ai déjà entendu son nom. Elle a été poursuivie en justice à plusieurs reprises après avoir été accusée d'avoir fait un usage excessif de la force lors de l'arrestation de criminels. Elle a fermement réfuté ces allégations lors de son témoignage, ce qui a laissé le plaignant sans voix. Je pense qu'elle est remarquable. Chevreuse
67%
Sigewinne Mademoiselle […] n'est pas très expressive lorsqu'elle parle. C'est difficile de deviner son humeur en regardant son visage... Elle a utilisé le rouge à lèvres que je lui ai offert ? Pour de vrai ? Je suis contente qu'elle l'aime ! Je savais que cette couleur lui irait bien ! Clorinde
67%
Collei Euh... Pour être honnête, je ne sais pas trop comment m'y prendre avec madame […]... Elle dit souvent que je suis rigoureuse dans mon apprentissage, mais c'est parce que je n'ai pas le choix ! J'apprends lentement, donc je suis obligée de toujours mettre les bouchées doubles quand j'étudie. Une fois, j'ai jeté un œil distrait sur ses recherches par inadvertance. Je n'ai pas eu le temps de m'attarder dessus, mais je peux t'assurer que c'était le document le plus effrayant que j'ai vu à Sumeru ! Il n'y avait que des textes anciens, je n'ai pas réussi à comprendre ne serait-ce qu'un traître mot à ce qu'il y avait écrit. Faruzan
67%
Citlali Je ne la connais pas très bien, mais je connais les romans légers... Quelqu'un d'aussi puissant malgré sa taille doit avoir une sorte de mode spécial qui lui permet de mesurer deux mètres et de se battre à 200 % de sa force. Iansan
67%
Sayu Elle me caresse toujours la tête, mais je n'ose pas la mordre ou m'y opposer. Puis, j'ai toujours l'impression que quelque chose de terrible va arriver si je le fais. Mais si ça continue, je ne vais plus grandir du tout. Que faire… Yae Miko
67%
Kaeya Quand j'ai rencontré […] pour la première fois, il m'a paru être quelqu'un d'angoissé, alors j'ai voulu lui faire une petite blague. Je ne pensais pas que cela le rendrait encore plus nerveux, même son sourire s'est figé... Au final, il m'a carrément écrit une lettre d'excuses. Tss, c'est un trait de la famille Schmidt de tout prendre au sérieux comme ça ? Mika
64%
Keqing Nous travaillons ensemble, mais nos personnalités sont totalement opposées. […] considère le Port de Liyue comme un marché géant et ne reculerait devant rien tant que ça lui rapporte de l'argent. N'a-t-elle aucun principe ? ... Peut-être que faire du profit est son seul principe de vie ? Ningguang
64%
Barbara […] est toujours couvert de blessures quand il vient à la cathédrale. Il a toujours la banane, mais il devrait faire plus attention à lui… Bennett
63%
Amber […] ? C'est une amie, une vraie ! Il faut juste s'habituer à son sens de l'humour, et le reste se passe sans problème ! Si tant de gens se trompent à son sujet, c'est à cause de son nom de famille. Comment faire pour qu'ils l'acceptent telle qu'elle est ? Eula
63%
Candace Une jeune femme excentrique qui a l'air en transe ? Je crois l'avoir déjà vue près du Mur de Samiel. Je ne comprenais rien à ce qu'elle disait ni à ses calculs, mais son humeur s'est améliorée dès qu'elle les a terminés. Peut-être que c'est une façon de se débarrasser de son stress ? Layla
60%
Voyageur Paimon : C'est l'heure des petits conseils de Paimon ! Voyageur : Depuis quand tu donnes des conseils ? Paimon : Si tu es à Mondstadt et qu'il y a quelque chose que tu n'arrives pas à réparer ou à nettoyer, quoi que ce soit... Paimon : Si tu te retrouves face à quelque chose que tu ne peux pas gérer toi-même, tu as juste à crier son nom au ciel : Paimon : « [...] !!!! » Paimon : Et tout ce qui t'embête sera balayé en un instant. Voyageur : Je vois, c'est comme ça que ça marche à Mondstadt ? Pratique... Noëlle
60%
Neuvillette Je ne sais pas comment va […] ces jours-ci. Mais si j'entends ne serait-ce que le murmure d'une rumeur selon laquelle elle est victime d'intimidation, je convoquerai Wriothesley ici et exigerai une explication sur-le-champ. Elle est si gentille et vulnérable... Elle m'a apporté un négatif de Daguerréotype la dernière fois qu'elle est venue, et a demandé à écouter davantage de mes commentaires sur l'eau natlanoise... Combien de temps reste-t-il avant ses prochaines vacances ? Sigewinne
60%
Xianyun […] est un garçon chaleureux qui parle d'une manière intéressante, sans pour autant être grandiloquent. Je l'apprécie beaucoup. La première fois que je l'ai rencontré, il m'a vue me reposer au bord d'un lac et s'est décidé à partager ce qu'il avait à manger avec moi. Par la suite, il a dit qu'à ses yeux, j'étais une aînée vénérable plutôt qu'une Adepte. Héhé, en tant qu'aînée, je ne manquerai pas de prendre soin de lui. Gaming
57%
Yanfei […] est une employée du Bureau des affaires civiles. Elle m'a aidée à résoudre une affaire compliquée de fraude comptable, alors je l'ai invitée à dîner. Toutefois... j'ai l'impression qu'aucune de mes pensées ne semble lui échapper lorsque je parle avec elle. À l'avenir, je devrai absolument m'assurer qu'elle ne me compte pas dans ses ennemis. Yelan
56%
Kaveh Vous ne rencontrerez jamais quelqu'un d'aussi énervant que lui ! Je n'ai pas peur de le lui dire en face. Comme vous le savez, il est très intelligent et on raconte que tous les génies ont un caractère de cochon. C'est partiellement vrai en ce qui le concerne... Il sait parfaitement se comporter de manière aimable et amicale avec les autres, mais il n'en a pas envie. S'il vous donne l'impression d'avoir bon caractère ou d'être aussi rationnel qu'une machine, cela signifie que vous ne le connaissez pas assez. C'est quelqu'un avec une personnalité unique que peu de gens arriveraient à comprendre. Alhaitham
50%
Xingqiu J'éprouve un grand respect à l'égard de dame […]. Mais je préférerais qu'elle arrête de m'appeler « gamin » et de m'ébouriffer les cheveux à chaque fois qu'elle me voit. Beidou
50%
Yaoyao […] a toujours beaucoup de travail à faire. J'ai entendu dire qu'une fois, elle était si fatiguée qu'elle s'est endormie dans l'herbe. Je m'inquiète pour elle, vous savez ! Hmm, peut-être... qu'on pourrait aller lui faire une « inspection surprise » ! Pour s'assurer qu'elle prend soin d'elle. Oh ! Euh... Attendez une minute, je vais aller chercher quelques-unes de ses plantes préférées pour les lui donner à manger... Ganyu
50%
Mavuika Pendant le Pèlerinage de retour du sanctifeu, je couvre toutes les dépenses à l'Auberge Au repos, et il y a toujours une commande pour un plateau de fête pour quatre-vingts personnes. J'ai toujours pensé que c'était quelqu'un qui commandait pour un grand groupe d'amis. Mais il s'avère que c'était [...] qui commandait tout ça pour elle seule. Varesa
50%
Xianyun Un jour, […] a emprunté mes lunettes et les a mises sur son nez. Elle a trouvé cela tellement amusant qu'elle n'a pas arrêté de rire... Ah, les enfants sont capables de s'amuser de mille et une façons. Yaoyao
50%
Xingqiu Vous voyez ces personnes aux multiples facettes ? Mademoiselle […] me donne précisément le sentiment qu'elle en est une. Lorsqu'elle est venue rendre visite à ma famille, mon père et mon frère l'ont traitée avec beaucoup d'hospitalité, et elle a fait preuve d'une grande politesse en retour. Elle me semblait être une jeune femme gentille et mature, mais j'en ai eu une impression complètement différente quand je l'ai vue ailleurs. Yelan
50%
Hu Tao […] semble toujours si gracieuse lors d'occasions formelles, mais vous seriez surpris de voir à quel point elle est amicale en privé ! J'ai fait un pari avec elle une fois, et le perdant devait chanter les paroles d'une chanson choisie par le gagnant dans son propre style de chant. Ah là, comme j'aurais aimé que vous soyez là pour entendre sa version lyrique de la ballade des Brutocollinus ! Yun Jin
50%
Diona […] est si bienveillante et douce ! Mais pourtant, elle aime boire ! *snif* Mondstadt est condamnée… Lisa
45%
Collei Elle a l'air un peu distraite. Si elle devait se produire dans les environs de Gandharva, j'ai bien peur qu'elle ne finisse par se perdre dans la forêt... Il faudra que je garde un œil sur elle, comme le ferait une garde forestière en formation digne de ce nom. Nilou
45%
Nomade C'est une hypocrite qui se fait passer pour une sainte. Elle se cache derrière une façade de femme gracieuse et amicale, tout ça pour manipuler plus facilement les gens. Presque tous ceux qui ont vu son vrai visage ont été... Pouf ! Arlecchino
43%
Layla J'ai vu quelqu'un qui lui ressemblait quand je me suis réveillée après avoir fait du somnambulisme pour la première fois. […], c'est ça ? Je me souviens que tous mes rapports et dissertations étaient terminés quand j'ai ouvert les yeux... À cette époque, j'avais l'impression d'avoir prié les étoiles pendant des jours et qu'elles m'avaient enfin entendu en m'envoyant leur messagère pour m'aider... Ça m'a beaucoup touchée ! Candace
43%
Gaming J'ai entendu dire que ce gars avait une énergie positive très puissante. Il a certainement une « forte chaleur intérieure », comme on dit chez moi. Il devrait plutôt boire du thé tisané pour se rafraîchir. Chongyun
43%
Yoimiya Les gens insouciants comme moi s'expriment de manière directe, alors que ceux qui ont beaucoup de préoccupations font des allusions à d'anciens poèmes ou au paysage et parlent de fleurs, d'oiseaux, du vent et de la lune, mais jamais de la réalité à laquelle ils font face. [...] a sans doute vécu son lot de choses inimaginables, sans doute. Kaedehara Kazuha
33%
Yun Jin Oh, vous connaissez aussi […] ? C'est quelqu'un de très intelligent et d'espiègle. Tu n'es pas à l'abri d'être la cible d'un de ses tours si tu baisses ta garde... Ne dis pas que je ne t'ai pas prévenu. Xingqiu
33%
Shogun Raiden Qui ? Arataki Itto
30%
Xiangling Gooba adore [...] ! Ils ont passé tellement de temps à se serrer la main lors de leur première rencontre qu'on aurait dut qu'ils se connaissaient depuis toujours, haha. [...] m'a même promis de m'emmener chercher des champignons et des insectes sauvages... Une fois que mon nouveau plat sera prêt, il faudra que vous veniez le goûter ensemble ! Lan Yan
0%
Aucun quiz correspondant
Distribution des résultats
% des personnes avec chaque résultat
Percentile par nombre de réponses
Votre historique - résultats
Vous n’avez pas pris ce quiz depuis la dernière actualisation